Agriculture-market linkages: Evaluating and evolving a conceptual framework in Indian context (Record no. 44096)

MARC details
000 -LEADER
fixed length control field 00368nam a2200121Ia 4500
082 ## - DEWEY DECIMAL CLASSIFICATION NUMBER
Classification number 338.433
Item number VAS
100 ## - MAIN ENTRY--AUTHOR NAME
Personal name Vaswani, L K
245 #0 - TITLE STATEMENT
Title Agriculture-market linkages: Evaluating and evolving a conceptual framework in Indian context
260 ## - PUBLICATION, DISTRIBUTION, ETC. (IMPRINT)
Place of publication Mumbai
Name of publisher NABARD
Year of publication 2003
490 ## - SERIES STATEMENT
Series statement Occasional paper 28
942 ## - ADDED ENTRY ELEMENTS (KOHA)
Koha item type Books
Holdings
Withdrawn status Lost status Damaged status Not for loan Home library Current library Date acquired Source of acquisition Full call number Accession Number Koha item type
        RRII Library RRII Library 16/12/2021 Gift 338.433 VAS G00844 Books